Les plus grands pays commençant par la lettre C - Statistiques

Statistiques générales
  • Ce quiz a été pris 93 fois
  • Le résultat moyen est 4 sur 5
Statistiques - réponses
Superficie (km²) Position dans le monde
en termes de superficie
Pays % Correct
9 984 670 2 Canada
99%
9 600 000 4 Chine
95%
1 141 748 26 Colombie
79%
756 102 38 Chili
64%
475 650 54 Cameroun
52%
Aucun quiz correspondant
Distribution des résultats
% des personnes avec chaque résultat
Percentile par nombre de réponses
Votre historique - résultats
Vous n’avez pas pris ce quiz